000 00758nam a2200193Ii 4500
003 JO-AjNU
008 230605s9999||||xx |||||||||||||| ||und||
040 _aJO-AjNU
_bara
_erda
_cJO-AjNU
041 _aara
050 1 4 _aJF1358.A7.M372.1986
100 3 _aتأليف المصري، أحمد محمد,
_eauthor
_952813
245 0 0 _aالادارة المحلية
264 3 1 _aالإسكندرية: مؤسسة شباب الجامعة، 1986
300 _a214ص
_bيشتمل على المصادر والمراجع باللغة العربية واللغة الانجليزية ص( 205-208)
336 _atext
_btxt
_2rdacontent
337 _aunmediated
_bn
_2rdamedia
338 _avolume
_bnc
_2rdacarrier
650 4 _aحكومة محلية -- مصر
_952814
999 _aA23417
_c26985
_d26985